| 000 | 02101cam a2200493 i 4500 | ||
|---|---|---|---|
| 001 | 1348993627 | ||
| 003 | OCoLC | ||
| 005 | 20250611134400.0 | ||
| 008 | 221005t20232023paua b 001 0 eng d | ||
| 020 |
_a9780323795166 _q(international edition ; _qpaperback) |
||
| 020 |
_z9780323795173 _q(electronic bk.) |
||
| 040 |
_aUKMGB _beng _erda _cNUST _dNUST |
||
| 050 | 4 | _aRE46 OPH | |
| 100 |
_aMyron Yanoff _eEditor |
||
| 245 | 1 | 0 |
_aOphthalmology / _clead editors, Myron Yanoff, Jay S. Duker ; section editors, Sophie J. Bakri, Scott E. Brodie, Jonathan J. Dutton, Sumit (Sam) Garg, Michael H. Goldstein, J. Bradley Randleman, Narsing A. Rao, Shira L. Robbins, Emanuel S. Rosen, Alfredo A. Sadun, Joel S. Schuman, Carol L. Shields, Janey L. Wiggs |
| 250 | _aSixth edition | ||
| 260 |
_aPhiladelphia, _bElsevier, _c©2023 |
||
| 300 |
_axxv, 1334 pages : _billustrations (chiefly color) ; _c30 cm |
||
| 336 |
_atext _btxt _2rdacontent |
||
| 337 |
_aunmediated _bn _2rdamedia |
||
| 338 |
_avolume _bnc _2rdacarrier |
||
| 504 | _aIncludes bibliographical references and index | ||
| 650 | 1 | 2 |
_aEye _xphysiopathology _0(DNLM)D005123Q000503 |
| 650 | 2 | 2 |
_aOcular Physiological Phenomena _0(DNLM)D009799 |
| 650 | 2 | 2 |
_aEye Diseases _0(DNLM)D005128 |
| 650 | 2 | 2 |
_aEye _xanatomy & histology _0(DNLM)D005123Q000033 |
| 650 | 2 |
_aOphthalmology _0(DNLM)D009885 |
|
| 700 | 1 |
_aYanoff, Myron, _eeditor. |
|
| 700 | 1 |
_aDuker, Jay S., _d1958- _eeditor. |
|
| 700 | 1 |
_aBakri, Sophie J., _eeditor |
|
| 700 | 1 |
_aBrodie, Scott E., _eeditor. _4edt |
|
| 700 | 1 |
_aDutton, Jonathan J., _eeditor |
|
| 700 | 1 |
_aGarg, Sumit, _d1975- _eeditor |
|
| 700 | 1 |
_aGoldstein, Michael H., _eeditor |
|
| 700 | 1 |
_aRandleman, J. Bradley _q(James Bradley), _d1970- _eeditor |
|
| 700 | 1 |
_aRao, Narsing A., _eeditor |
|
| 700 | 1 |
_aRobbins, Shira L., _eeditor |
|
| 700 | 1 |
_aRosen, Emanuel S., _eeditor |
|
| 700 | 1 |
_aSadun, Alfredo A., _eeditor |
|
| 700 | 1 |
_aSchuman, Joel S., _eeditor |
|
| 700 | 1 |
_aShields, Carol L., _eeditor |
|
| 700 | 1 |
_aWiggs, Janey L., _d1954- _eeditor |
|
| 942 |
_2lcc _n0 _cBOOKS _eSixth Edition _hRE46.OPH _kRE _mOPH |
||
| 999 |
_c171940 _d171940 |
||